Msingi wa Fasihi Simulizi (Record no. 18574)
[ view plain ]
| 000 -LEADER | |
|---|---|
| fixed length control field | 00360nam a22001577a 4500 |
| 003 - CONTROL NUMBER IDENTIFIER | |
| control field | OSt |
| 005 - DATE AND TIME OF LATEST TRANSACTION | |
| control field | 20250812071200.0 |
| 008 - FIXED-LENGTH DATA ELEMENTS--GENERAL INFORMATION | |
| fixed length control field | 250812b |||||||| |||| 00| 0 eng d |
| 020 ## - INTERNATIONAL STANDARD BOOK NUMBER | |
| International Standard Book Number | 9789966446008 |
| 040 ## - CATALOGING SOURCE | |
| Original cataloging agency | SEKU |
| 050 ## - LIBRARY OF CONGRESS CALL NUMBER | |
| Classification number | GR 355.62 |
| Item number | .S93K56 |
| 245 ## - TITLE STATEMENT | |
| Title | Msingi wa Fasihi Simulizi |
| 300 ## - PHYSICAL DESCRIPTION | |
| Extent | 163P.: |
| 650 ## - SUBJECT ADDED ENTRY--TOPICAL TERM | |
| Topical term or geographic name as entry element | Msingi |
| General subdivision | Fasihi |
| 942 ## - ADDED ENTRY ELEMENTS (KOHA) | |
| Source of classification or shelving scheme | Library of Congress Classification |
| Koha item type | General circulation |
| Withdrawn status | Lost status | Source of classification or shelving scheme | Damaged status | Not for loan | Home library | Current library | Shelving location | Date acquired | Source of acquisition | Total Checkouts | Full call number | Barcode | Date last seen | Price effective from | Koha item type |
|---|---|---|---|---|---|---|---|---|---|---|---|---|---|---|---|
| Library of Congress Classification | SEHSS - Library | SEHSS - Library | Fiction | 12/08/2025 | Purchase | GR 355.62 .S93K56 | 2024/026075 | 12/08/2025 | 12/08/2025 | General circulation | |||||
| Library of Congress Classification | SEHSS - Library | SEHSS - Library | General Stacks | 12/08/2025 | Purchase | GR 355.62 .S93K56 | 2024/027072 | 12/08/2025 | 12/08/2025 | General circulation | |||||
| Library of Congress Classification | SEHSS - Library | SEHSS - Library | General Stacks | 12/08/2025 | Purchase | GR 355.62 .S93K56 | 2024/027070 | 12/08/2025 | 12/08/2025 | General circulation | |||||
| Library of Congress Classification | SEHSS - Library | SEHSS - Library | General Stacks | 12/08/2025 | Purchase | GR 355.62 .S93K56 | 2024/027071 | 12/08/2025 | 12/08/2025 | General circulation | |||||
| Library of Congress Classification | SEHSS - Library | SEHSS - Library | Fiction | 12/08/2025 | Purchase | GR 355.62 .S93K56 | 2024/027074 | 12/08/2025 | 12/08/2025 | General circulation | |||||
| Library of Congress Classification | SEHSS - Library | SEHSS - Library | 12/08/2025 | GR 355.62 .S93K56 | 2024/027073 | 12/08/2025 | 12/08/2025 | General circulation |